Baltic connections. - Leiden [u.a.] : Brill [Rezension]

Titel: Baltic connections. - Leiden [u.a.] : Brill [Rezension]
Verfasser:
In: Rocznik Gdański, Band 67/68 (2007), Seite 180-182
alle Artikel anzeigen
Veröffentlicht: 2007/2008 [2009]
Format: Aufsatz
Sprache: Polnisch
Kein Bild verfügbar
X
alg: 39499748
001A    $01999:12-11-16 
001B    $01999:04-08-21 $t21:01:37.000 
001D    $01999:12-11-16 
001U    $0utf8 
001X    $00 
002@    $0Aox 
003@    $0394997484 
007A    $0394997484 $aHEB 
007T    $0Herdc0083250m 
010@    $apol 
011@    $a2007 $b2008 $n2007/2008 [2009] 
021A    $aBaltic connections. - Leiden [u.a.] : Brill [Rezension] 
028A    $7132599449 $8Kizik, Edmund$Z1960- [Tp1] $9184483166 
031A    $d67/68 $h180-182 $j2007 
039B    $aIn $8--Abvc--. Rocznik Gdański. - Gdańsk : Wydawn. Gdańskie, 1927-. - ISSN 0080-3456 $x200700000670000820 $9047550872 
039T    $8--Acu--. Baltic connections. - Leiden [u.a.] : Brill. - ISBN 978-90-04-16429-1 $9192447920 
045F    $a900.94798 $eDDC23BSB 
045F/01 $a900 
045F/03 $g4798 
045F/03 $g438 
045T    $a9,10 $a8 

lok: 39499748 78

exp: 39499748 78 1 #EPN
201B/01 $018-11-16 $t13:23:01.000 
201U/01 $0utf8 
203@/01 $0791296105 
208@/01 $a12-11-16 $be 
209A/01 $a/ $f000 $x00 
220C/01 $aTitelaufnehmer: pg 
220C/01 $aHerkunft: PBB/IH PAN 
244Z/01 $2Trx $#Poola $#Lenkija $#Polija $#Polen Land $#Poland $#Lengyelország $#Poľsko $#Polsko $8--Trx--Polska$gkraj $x01 $9391345966 
244Z/01 $2Trx $#Estija $#Igaunija $#Estland $#Estonia $#Estonia $#Estónsko $#Estonsko $8--Trx--Eesti $x02 $9391237225 
244Z/01 $2Trx $#arvustused $#recenzijos $#Reviews $#recenziók $#recenzje $#recenzie $#recenze $8--Trx--Rezensionen $x03 $9391357441 
247C/01 $82080>Marburg/Lahn, Herder-Institut, Forschungsbibliothek, Bibliographieportal $9336309341
LEADER 00000caa a22000002c 4500
001 394997484
003 DE-603
005 20210804210137.0
007 tu
008 161112s20072008xx |||| | u00||u|pol c
035 |a (DE-599)HEB394997484 
040 |a DE-603  |b ger  |c DE-603  |d DE-603 
041 |a pol 
082 0 4 |8 1\u  |a 900.94798  |q DE-101  |2 23/BSB 
084 |a 9,10  |a 8  |2 ssgn 
085 |8 1\u  |b 900 
085 |8 1\u  |z 2  |s 4798 
085 |8 1\u  |z 2  |s 438 
100 1 |a Kizik, Edmund  |d 1960-  |0 (DE-603)184483166  |0 (DE-588)132599449  |2 gnd 
245 0 0 |a Baltic connections. - Leiden [u.a.] : Brill [Rezension] 
264 0 |c 2007/2008 [2009] 
773 0 8 |i In  |t Rocznik Gdański  |d Gdańsk : Wydawn. Gdańskie, 1927-  |x 0080-3456  |g Band 67/68 (2007), Seite 180-182  |w (DE-603)047550872  |w (DE-600)400807-8 
787 0 8 |i Rezension von  |t Baltic connections  |d Leiden [u.a.] : Brill  |z 9789004164291  |w (DE-603)192447920 
924 0 |9 2080  |a (DE-603)791296105  |b DE-2080  |c HES  |d d  |g /